Music Quiz

Random Music or Album Quiz

Combination Lock: '90s Albums Quiz Stats

 Plays Quiz Updated Feb 27, 2020

Support Sporcle.
Go Orange.
Score 0/90 Timer 15:00
0 Plays Today
Combo # &Track Name Album (Enter the combination) % Correct
17 - Smells Like Teen SpiritNevermind (17-36-74)
85.2%
36 - Come As You AreNevermind (17-36-74)
85.2%
74 - LithiumNevermind (17-36-74)
85.2%
21 - The Circle of Life'The Lion King' soundtrack (21-43-63)
84.8%
43 - Hakuna Matata'The Lion King' soundtrack (21-43-63)
84.8%
63 - Can You Feel The Love Tonight?'The Lion King' soundtrack (21-43-63)
84.8%
29 - Wonderwall(What's The Story) Morning Glory? (29-39-65)
79%
39 - Don't Look Back In Anger(What's The Story) Morning Glory? (29-39-65)
79%
65 - Champagne Supernova(What's The Story) Morning Glory? (29-39-65)
79%
30 - You Oughta KnowJagged Little Pill (30-44-71)
76.6%
44 - Hand In My PocketJagged Little Pill (30-44-71)
76.6%
71 - IronicJagged Little Pill (30-44-71)
76.6%
07 - Gettin' Jiggy With ItBig Willie Style (07-55-75)
75.3%
55 - MiamiBig Willie Style (07-55-75)
75.3%
75 - Men In BlackBig Willie Style (07-55-75)
75.3%
20 - Suck My KissBlood Sugar Sex Magik (20-41-87)
75.3%
41 - Give It AwayBlood Sugar Sex Magik (20-41-87)
75.3%
87 - Under the BridgeBlood Sugar Sex Magik (20-41-87)
75.3%
13 - LongviewDookie (13-32-88)
73.3%
32 - Basket CaseDookie (13-32-88)
73.3%
88 - When I Come AroundDookie (13-32-88)
73.3%
06 - Even FlowTen (06-31-72)
70.1%
31 - AliveTen (06-31-72)
70.1%
72 - JeremyTen (06-31-72)
70.1%
19 - SpiderwebsTragic Kingdom (19-49-66)
70.1%
49 - Just A GirlTragic Kingdom (19-49-66)
70.1%
66 - Don't SpeakTragic Kingdom (19-49-66)
70.1%
04 - Enter SandmanMetallica (a.k.a. The Black Album) (04-59-78)
68.8%
59 - The UnforgivenMetallica (a.k.a. The Black Album) (04-59-78)
68.8%
78 - Nothing Else MattersMetallica (a.k.a. The Black Album) (04-59-78)
68.8%
Combo # &Track Name Album (Enter the combination) % Correct
14 - Man! I Feel Like A WomanCome On Over (14-38-85)
66.1%
38 - Don't Be Stupid (You Know I Love You)Come On Over (14-38-85)
66.1%
85 - That Don't Impress Me MuchCome On Over (14-38-85)
66.1%
24 - Tonight, TonightMellon Collie and the Infinite Sadness (24-35-61)
63%
35 - Bullet With Butterfly WingsMellon Collie and the Infinite Sadness (24-35-61)
63%
61 - 1979Mellon Collie and the Infinite Sadness (24-35-61)
63%
12 - Larger Than LifeMillennium (12-47-83)
61%
47 - I Want It That WayMillennium (12-47-83)
61%
83 - Show Me the Meaning of Being LonelyMillennium (12-47-83)
61%
22 - The Sidewinder Sleeps ToniteAutomatic For the People (22-53-67)
61%
53 - Man On the MoonAutomatic For the People (22-53-67)
61%
67 - Everybody HurtsAutomatic For the People (22-53-67)
61%
15 - Paranoid AndroidOK Computer (15-50-77)
57.7%
50 - Karma PoliceOK Computer (15-50-77)
57.7%
77 - No SurprisesOK Computer (15-50-77)
57.7%
02 - Bills, Bills, BillsThe Writing's on the Wall (02-57-73)
57.5%
57 - Say My NameThe Writing's on the Wall (02-57-73)
57.5%
73 - Jumpin', Jumpin'The Writing's on the Wall (02-57-73)
57.5%
05 - Even Better Than the Real ThingAchtung Baby (05-56-76)
51.6%
56 - OneAchtung Baby (05-56-76)
51.6%
76 - Mysterious WaysAchtung Baby (05-56-76)
51.6%
09 - I Will Always Love You'The Bodyguard' soundtrack (09-46-70)
51.4%
46 - I Have Nothing'The Bodyguard' soundtrack (09-46-70)
51.4%
70 - I'm Every Woman'The Bodyguard' soundtrack (09-46-70)
51.4%
08 - Hold My HandCracked Rear View (08-51-79)
49.3%
51 - Let Her CryCracked Rear View (08-51-79)
49.3%
79 - Only Wanna Be With YouCracked Rear View (08-51-79)
49.3%
28 - WaterfallsCrazySexyCool (28-37-82)
48.8%
37 - CreepCrazySexyCool (28-37-82)
48.8%
82 - Red Light SpecialCrazySexyCool (28-37-82)
48.8%
Combo # &Track Name Album (Enter the combination) % Correct
18 - SmoothSupernatural (18-54-81)
47.9%
54 - Maria, MariaSupernatural (18-54-81)
47.9%
81 - Put Your Lights OnSupernatural (18-54-81)
47.9%
01 - 911 is a JokeFear of a Black Planet (01-60-68)
47.6%
60 - Welcome to the TerrordomeFear of a Black Planet (01-60-68)
47.6%
68 - Fight the PowerFear of a Black Planet (01-60-68)
47.6%
16 - Remember the TimeDangerous (16-34-90)
47.3%
34 - Black or WhiteDangerous (16-34-90)
47.3%
90 - Will You Be ThereDangerous (16-34-90)
47.3%
27 - WannabeSpice (27-58-89)
47.1%
58 - Say You'll Be ThereSpice (27-58-89)
47.1%
89 - Who Do You Think You AreSpice (27-58-89)
47.1%
11 - It's All Coming Back To Me NowFalling Into You (11-33-62)
44.4%
33 - Because You Loved MeFalling Into You (11-33-62)
44.4%
62 - All By MyselfFalling Into You (11-33-62)
44.4%
23 - The Thunder RollsNo Fences (23-40-86)
43.6%
40 - Friends In Low PlacesNo Fences (23-40-86)
43.6%
86 - Unanswered PrayersNo Fences (23-40-86)
43.6%
10 - It's All About the BenjaminsNo Way Out (10-48-64)
39%
48 - I'll Be Missing YouNo Way Out (10-48-64)
39%
64 - Can't Nobody Hold Me DownNo Way Out (10-48-64)
39%
03 - Cowboy Take Me AwayFly (03-42-84)
38.8%
42 - Goodbye EarlFly (03-42-84)
38.8%
84 - Sin WagonFly (03-42-84)
38.8%
25 - U Can't Touch ThisPlease Hammer Don't Hurt 'Em (25-45-80)
32.1%
45 - Have You Seen HerPlease Hammer Don't Hurt 'Em (25-45-80)
32.1%
80 - PrayPlease Hammer Don't Hurt 'Em (25-45-80)
32.1%
26 - Vision of LoveMariah Carey (26-52-69)
25.8%
52 - Love Takes TimeMariah Carey (26-52-69)
25.8%
69 - I Don't Wanna CryMariah Carey (26-52-69)
25.8%

You're not logged in!

Compare scores with friends on all Sporcle quizzes.
OR
Log In

From the Vault

Multi-Word Capitals of the World

by etoile

Some cities are just so greedy with their names.
Remove Ads.
Support Sporcle.
Get the best of Sporcle when you Go Orange. This ad-free experience offers more features, more stats, and more fun while also helping to support Sporcle. Thank you for becoming a member.

Show Comments

Extras

Top Quizzes Today


Score Distribution

Your Account Isn't Verified!

In order to create a playlist on Sporcle, you need to verify the email address you used during registration. Go to your Sporcle Settings to finish the process.

Report this User

Report this user for behavior that violates our Community Guidelines.

Details: